MARC

LEADER 00000nam0a2200000 4500
001 312032
005 20231102002438.0
035 |a (RuTPU)RU\TPU\book\337399 
090 |a 312032 
100 |a 20151215d1982 k y0rusy50 ca 
101 0 |a rus 
102 |a RU 
105 |a y z 001zy 
200 1 |a Избранные педагогические сочинения  |f П. Ф. Каптерев  |g Академия педагогических наук СССР 
210 |a Москва  |c Педагогика  |d 1982 
215 |a 704 с. 
225 1 |a Педагогическая библиотека 
320 |a Библиогр.: с. 653-698 
320 |a Указатель имен: с. 669-701 
606 1 |a Педагогика общая  |2 stltpush  |3 (RuTPU)RU\TPU\subj\48422  |9 67292 
610 1 |a история 
610 1 |a 19 век 
610 1 |a 20 век 
610 1 |a педагогический процесс 
610 1 |a нравственное воспитание 
610 1 |a дидактика 
610 1 |a образование 
610 1 |a педагогическая психология 
610 1 |a педагогическое мастерство 
610 1 |a педагогические методы 
610 1 |a учителя 
610 1 |a школы 
686 |a Ч31  |2 rubbk 
700 1 |a Каптерев  |b П. Ф.  |g Петр Федорович 
712 0 2 |a Академия педагогических наук СССР  |2 stltpush  |3 (RuTPU)RU\TPU\col\5263  |9 24078 
801 1 |a RU  |b 63413507  |c 20151215 
801 2 |a RU  |b 63413507  |c 20191112  |g RCR 
942 |c BK